Top 5 des joueurs avec le plus de but en Ligue de champions - Statistiques

Statistiques générales
  • Ce quiz a été pris 428 fois
  • Le résultat moyen est 4 sur 5
Statistiques - réponses
Nombre de But Joueurs % Correct
141 Cristiano Ronaldo
99%
125 Lionel Messi
99%
86 Karim Benzema
87%
86 Lewandowski
68%
71 Raúl
48%
Aucun quiz correspondant
Distribution des résultats
% des personnes avec chaque résultat
Percentile par nombre de réponses
Votre historique - résultats
Vous n’avez pas pris ce quiz